| 000 | 00886nam a22002055i 4500 | ||
|---|---|---|---|
| 001 | 166467 | ||
| 003 | ES-MaACL | ||
| 005 | 20230906213336.0 | ||
| 008 | 950111m18971901sp |||| | spa d | ||
| 040 |
_aCLM _bspa |
||
| 100 | 1 |
_aTorre-Isunza, Ramón. _9133315 |
|
| 245 | 1 | 0 |
_aFilosofía cristiana / _cpor Ramón Torre-Isunza. |
| 260 |
_aMadrid : _b[s.n.], _c1897-1901 ( _fEst. tip. "Sucesores de Rivadeneyra") |
||
| 300 |
_a3 v. ; _c18 cm. |
||
| 596 | 1 | _aEn los tomos II y III figura como editor Felipe Gonzalez Rojas, en port. precediendo al tit. | |
| 596 | 1 | _aEn el t. II no aparece la imprenta "Sucesores de Rivadeneyra", en su lugar aparece "Imprenta y litografía de Felipe González Rojas. | |
| 597 | 1 | _aVol. I (XV, 381 p.) -- vol. II (413 p.) -- vol. III (312 p.) | |
| 752 |
_aEspaña - _d, Madrid |
||
| 852 |
_aES-MaACL _jG-10153-10154 _z-- Enc. hol. _q-- Falta el T. III |
||
| 999 |
_c166467 _d166467 |
||